000 00448nam a2200157Ia 4500
008 230312s9999||||xx |||||||||||||| ||und||
020 _a0205196543
082 _a371.90285
_bMAL-T
100 _aMary Male
245 0 _aTechnology for inclusion
260 _bAllya and Bacon
_aBoston
_c1997
300 _a198
546 _aEng.
650 _aManagement
_vSocial Development, integrating technology, partnerships between parents and pro
942 _cBK
999 _c1969
_d1969